Federal Subjects of Russia Quiz - Statistics

General Stats
  • This quiz has been taken 5,680 times
  • The average score is 52 of 85
Answers on the Map
Answers color-coded by a green-red scale on the quiz's map according to % correct below.
 
Answer Stats
ANSWER % Correct
Moscow
94%
Moscow
94%
Saint Petersburg
91%
Crimea
85%
Kaliningrad
84%
Sakha
83%
Chechen
81%
Kamchatka
79%
Murmansk
79%
Karelia
78%
Sakhalin
78%
Sevastopol
78%
Dagestan
77%
Jewish Autonomous Oblast
77%
Volgograd
74%
Irkutsk
72%
Leningrad
72%
Omsk
72%
Rostov
72%
Krasnodar
70%
Krasnoyarsk
69%
Novosibirsk
69%
Perm
69%
Tuva
68%
Nizhny Novgorod
67%
Tatarstan
67%
Altai
66%
Novgorod
66%
Altai
65%
Arkhangelsk
65%
Samara
64%
Nenets
63%
Astrakhan
62%
Chelyabinsk
62%
Magadan
62%
Tomsk
62%
Komi
61%
Pskov
61%
Vladimir
61%
Amur
60%
Smolensk
60%
Adygea
58%
Chukotka
58%
Kursk
58%
Buryatia
57%
Ingushetia
57%
Orenburg
57%
Tula
57%
Tver
57%
Belgorod
56%
Voronezh
56%
Kalmykia
55%
Mari El
55%
Primorsky
55%
Saratov
55%
Bryansk
54%
Khabarovsk
54%
Yaroslavl
54%
Bashkortostan
52%
Ryazan
52%
Stavropol
52%
Udmurt
52%
Chuvash
51%
Vologda
51%
Yamalo-Nenets
51%
Tyumen
50%
Ivanovo
49%
Kirov
49%
Mordovia
48%
Sverdlovsk
47%
Kaluga
46%
Kemerovo
46%
Oryol
46%
Penza
46%
Lipetsk
45%
North Ossetia-Alania
45%
Ulyanovsk
45%
Kabardino-Balkar
44%
Khakassia
44%
Khanty–Mansi
44%
Kurgan
44%
Tambov
44%
Kostroma
43%
Zabaykalsky
42%
Karachay-Cherkess
40%
No matching quizzes found
Score Distribution
Percent of People with Each Score
Percentile by Number Answered
Your Score History
You have not taken this quiz